Manažérska etika ako faktor budovania Corporate culture

Úloha manažérov v tvorbe a vývoji kultúry v podniku. Manažérska etika. Uplatňovanie manažérskej etiky v rozhodovaní. Corporate culture - firemná kultúra.

Uložené v:
Podrobná bibliografia
Hlavný autor: Belejová, Martina
Médium: Kapitola
Jazyk:Slovak
Predmet:
Tagy: Pridať tag
Žiadne tagy, Buďte prvý, kto otaguje tento záznam!

MARC

LEADER 00000nla$a2200000$$$4500
001 0112116
005 20240611113700.7
041 0 |a slo 
044 |a SK 
245 1 0 |a Manažérska etika ako faktor budovania Corporate culture  |c Martina Belejová 
520 |a Úloha manažérov v tvorbe a vývoji kultúry v podniku. Manažérska etika. Uplatňovanie manažérskej etiky v rozhodovaní. Corporate culture - firemná kultúra. 
610 2 0 |a etika manažérska 
610 2 0 |a etika podnikateľská 
610 2 0 |a manažéri 
610 2 0 |a rozhodovanie manažérske 
610 2 0 |a zamestnanci 
610 2 0 |a motivácia 
610 2 0 |a kultúra podniková 
100 1 |a Belejová, Martina